01162nam a2200193Ia 4500001001100000003001000011008004100021040002500062041001400087100002200101245005400123250001100177260007900188300002700267500026000294501011400554520026000668650004000928L203-2389AIT-CnALBA170116s9999||||xx |||||||||||||| ||und|| aIT-CnALBAcIT-CnALBA aBILINGUE  aSPICQ CESLAS, OP. 0aNOTE DI LESSICOGRAFIA NEOTESTAMENTARIA. VOL. II.  a1a ed. a BRESCIAbPAIDEIA EDITRICE c1994 [1° Ed.:1994 - Ed.Ling.Originale: 1978] a925 p. (prefazione: 7) aTRADUZIONE DAL FRANCESE DI FR. LUIGI VIERO. DALLA LETTERA L ALLA LETTERA PSI. CURATORI MONTAGNINI F. SCARPAT G. SOFFRITTI O. INDICE DELLE VOCI GRECHE, VOCI ITALIANE, PASSI BIBLICI. INDICE VOL. I. E VOL. II. NOTE AL GRANDE LESSICO DEL NUOVO TESTAMENTO VOLL aSocietà San Paolo EM - Piazza San Paolo, 14 - 12051 ALBA (CN) (non commercial uses only) ® Copyright 2017 aTRADUZIONE DAL FRANCESE DI FR. LUIGI VIERO. DALLA LETTERA L ALLA LETTERA PSI. CURATORI MONTAGNINI F. SCARPAT G. SOFFRITTI O. INDICE DELLE VOCI GRECHE, VOCI ITALIANE, PASSI BIBLICI. INDICE VOL. I. E VOL. II. NOTE AL GRANDE LESSICO DEL NUOVO TESTAMENTO VOLL aDIZIONARI ED ENCICLOPEDIE CATTOLICI